| 000 | 00434pam a2200169 a 4500 | ||
|---|---|---|---|
| 020 |
_a8171793355 _c |
||
| 041 | _aeng | ||
| 082 |
_a615.1 _bGUP |
||
| 100 | _aGupta, L C. | ||
| 245 |
_aViva In Forensic Medicine And Toxicology _hTextual Documents |
||
| 250 | _a3rd ed. | ||
| 260 |
_aNew Delhi _bJaypee Brothers Medical Publishers (P) Ltd. _c1998 |
||
| 300 | _a221. | ||
| 653 | _aPharmacology | ||
| 700 | _amodi, N K. | ||
| 930 | _a1502 | ||
| 999 |
_c74793 _d74793 |
||